[Event "Memorial Tringov (open)"]
[Site "masterchessopen.com Plovdiv (Bulgaria)"]
[Date "2009.02.04"]
[Round "6"]
[White "Videnova Iva (BUL)"]
[Black "Voiska Margarita (BUL)"]
[Result "0-1"]
[WhiteElo "2197"]
[BlackElo "2332"]

1.e4 c5 2.Nf3 Nc6 3.d4 cxd4 4.Nxd4 e5 5.Nb5 d6 6.c4 Be7 7.Be3 Nf6 8.f3 O-O
9.Be2 Nh5 10.O-O a6 11.N5c3 Bg5 12.Bf2 Nf4 13.Nd5 Nxd5 14.Qxd5 Nd4 15.Bxd4
exd4 16.Bd3 Be3+ 17.Kh1 Be6 18.Qxb7 Rb8 19.Qxa6 Rxb2 20.Qa3 Rxg2 21.Kxg2 Qg5+
22.Kh1 Bh3 {#R} 0-1

[Event "Ch City (open)"]
[Site "masterchessopen.com Nizhnij Novgorod (Russia)"]
[Round "8"]
[White "Aleshin Vladimir (RUS)"]
[Black "Pavlov Boris S (RUS)"]
[Result "1-0"]
[WhiteElo "1871"]
[BlackElo "1745"]

1.e4 c5 2.Nf3 Nc6 3.d4 cxd4 4.Nxd4 e5 5.Nb5 d6 6.c4 a6 7.N5c3 f5 8.Nd2 Nf6
9.Be2 Be7 10.O-O O-O 11.Re1 f4 12.Nf3 h6 13.b3 Qe8 14.Ba3 Qg6 15.Qd3 Bh3
16.Nh4 Qg5 17.Qxh3 Nd4 18.Nf3 Qg6 19.Nxd4 exd4 20.Nd5 {#r} 1-0

[Event "Ch City"]
[Site "masterchessopen.com Uljanovsk (Russia)"]
[Date "2009.03.14"]
[Round "1"]
[White "Vasiliev Semen (RUS)"]
[Black "Krivosheev Vladimir (RUS)"]
[Result "0-1"]
[WhiteElo "1669"]
[BlackElo "2126"]

1.e4 c5 2.Nf3 Nc6 3.d4 cxd4 4.Nxd4 e5 5.Nb5 d6 6.N1c3 a6 7.Na3 b5 8.Nd5 Nce7
9.Nb4 f5 10.c4 Bb7 11.cxb5 a5 12.Nbc2 fxe4 13.Nc4 Nf5 14.Be3 Nxe3 15.N2xe3 Nf6
16.Qd2 d5 17.Nxe5 Bb4 18.Nf5 Bxd2+ 19.Kxd2 Qc7 {#R} 0-1

[Event "Ch Berlin"]
[Site "masterchessopen.com Berlin (Germany)"]
[Date "2009.04.18"]
[Round "8"]
[White "Vandre Wolfgang (GER)"]
[Black "Hoppe Frank (GER)"]
[Result "1-0"]
[WhiteElo "2163"]
[BlackElo "2040"]

1.e4 c5 2.Nf3 Nc6 3.d4 cxd4 4.Nxd4 e5 5.Nb5 d6 6.N1c3 a6 7.Na3 Be6 8.Nd5 b5
9.Be3 Bxd5 10.exd5 Nce7 11.Nxb5 Nf5 12.Na3 Nxe3 13.fxe3 Qh4+ 14.Kd2 Nf6 15.Bd3
Qb4+ 16.Kc1 Rb8 17.Nc4 Nxd5 18.Qf3 Qc5 19.Rf1 {#r} 1-0

[Event "Ch City (open)"]
[Site "masterchessopen.com Frankfurt (Germany)"]
[Date "2009.05.04"]
[Round "2"]
[White "Henrich Thomas (GER)"]
[Black "Popp Matthias"]
[Result "1-0"]
[WhiteElo "2195"]
[BlackElo "1591"]

1.e4 c5 2.Nf3 Nc6 3.d4 cxd4 4.Nxd4 e5 5.Nb5 d6 6.N1c3 a6 7.Na3 b5 8.Nd5 Be6
9.Be3 Rb8 10.c4 h6 11.cxb5 axb5 12.Bxb5 Qa5+ 13.Bd2 Qa8 14.Nc7+ {#r} 1-0

[Event "Ch SibFO "]
[Site "masterchessopen.com Irkutsk (Russia)"]
[Date "2009.05.11"]
[Round "2"]
[White "Ivenin Vladimir (RUS)"]
[Black "Samdanov Samdan (RUS)"]
[Result "0-1"]
[WhiteElo "2058"]
[BlackElo "1989"]

1.e4 c5 2.Nf3 Nc6 3.d4 cxd4 4.Nxd4 e5 5.Nb5 d6 6.Be3 Nf6 7.N1c3 a6 8.Na3 b5
9.Ne2 Be6 10.Ng3 d5 11.exd5 Nxd5 12.Bd2 Bxa3 13.bxa3 O-O 14.Be2 Qh4 15.O-O
Rad8 16.Qc1 Nd4 17.Bg5 Qxg3 18.Bh5 Qc3 19.Bxd8 Nf4 20.Qd1 Rxd8 21.Kh1 Bd5
22.Rg1 g6 {#R} 0-1

[Event "It (open) (b)"]
[Site "masterchessopen.com Kowalewo Pomorskie (Poland)"]
[Date "2009.07.09"]
[Round "7"]
[White "Kanarkiewicz Michal (POL)"]
[Black "Bernacki Gabriel (POL)"]
[Result "1-0"]
[WhiteElo "1804"]
[BlackElo "1888"]

1.e4 c5 2.Nf3 Nc6 3.d4 cxd4 4.Nxd4 e5 5.Nb5 d6 6.c4 Be7 7.N1c3 a6 8.Na3 f5
9.exf5 Bxf5 10.Nc2 Nf6 11.Ne3 Be6 12.g3 O-O 13.Bg2 Rb8 14.O-O Nd4 15.Ned5 b5
16.cxb5 Nxb5 17.Nxe7+ Qxe7 18.Nxb5 Rxb5 19.b3 d5 20.a4 Rb4 21.Ba3 {#r} 1-0

[Event "It (open)"]
[Site "masterchessopen.com Condom (France)"]
[Date "2009.07.12"]
[Round "2"]
[White "Bressac Stephane (FRA)"]
[Black "Rachez Christophe (FRA)"]
[Result "1-0"]
[WhiteElo "2184"]
[BlackElo "1987"]

1.e4 c5 2.Nf3 Nc6 3.d4 cxd4 4.Nxd4 e5 5.Nb5 d6 6.N1c3 a6 7.Na3 b5 8.Nd5 Be7
9.c4 b4 10.Nc2 Rb8 11.g3 Nf6 12.Bg2 O-O 13.O-O Nd7 14.Nce3 Nc5 15.f4 exf4
16.gxf4 Bd7 17.f5 Bg5 18.f6 Be6 19.Ng4 Bxc1 20.Qxc1 Kh8 21.fxg7+ {#r} 1-0

[Event "It \"]
[Site "masterchessopen.com Pardubice (Czech Republic)"]
[Date "2009.07.18"]
[Round "5"]
[White "Cernousek Lukas (CZE)"]
[Black "Prymula Roman (CZE)"]
[Result "1-0"]
[WhiteElo "2431"]
[BlackElo "2309"]

1.e4 c5 2.Nf3 Nc6 3.d4 cxd4 4.Nxd4 e5 5.Nb5 d6 6.N1c3 Be6 7.Nd5 Bxd5 8.exd5
Nce7 9.c4 f5 10.c5 Nc8 11.c6 bxc6 12.dxc6 a6 13.c7 Qd7 14.Qd5 Nb6 15.Qb7 axb5
16.Qxb6 {#r} 1-0

[Event "Simultan"]
[Site "masterchessopen.com Helsingor (Denmark)"]
[Date "2009.07.20"]
[Round "0"]
[White "Vaarala Eric (SWE)"]
[Black "Kuzubov Yuriy (UKR)"]
[Result "1-0"]
[WhiteElo "1964"]
[BlackElo "2635"]

1.e4 c5 2.Nf3 Nc6 3.d4 cxd4 4.Nxd4 e5 5.Nb5 d6 6.N1c3 a6 7.Na3 Be6 8.Nd5 Bxd5
9.exd5 Nce7 10.c4 Nf6 11.Bg5 Qa5+ 12.Bd2 Qb6 13.Qa4+ Nd7 14.c5 Qxc5 15.Rc1
Qxd5 16.Nb5 Kd8 17.Nc7 b5 18.Nxd5 bxa4 19.Ba5+ Ke8 20.Nc7+ Kd8 21.Nxa8+ {#r}
1-0

[Event "It (open) (b)"]
[Site "masterchessopen.com Senta (Serbia)"]
[Date "2009.07.23"]
[Round "7"]
[White "Vucinic Gojko (SRB)"]
[Black "Dikic Veljko (SRB)"]
[Result "1-0"]
[WhiteElo "1937"]
[BlackElo "1690"]

1.e4 c5 2.d4 cxd4 3.Nf3 Nc6 4.Nxd4 e5 5.Nb5 d6 6.N5c3 a6 7.Na3 b5 8.Nd5 Nce7
9.Bg5 Be6 10.c4 Bxd5 11.exd5 bxc4 12.Nxc4 f6 13.Be3 Rb8 14.Qa4+ Kf7 15.Rd1 Nf5
16.Qxa6 Nxe3 17.fxe3 f5 18.Nxe5+ {#r} 1-0

[Event "It (open)"]
[Site "masterchessopen.com Pardubice (Czech Republic)"]
[Date "2009.07.29"]
[Round "6"]
[White "Bures Jaroslav (CZE)"]
[Black "Piscopo Pierluigi (ITA)"]
[Result "0-1"]
[WhiteElo "2259"]
[BlackElo "2415"]

1.e4 c5 2.Nf3 Nc6 3.d4 cxd4 4.Nxd4 e5 5.Nb5 d6 6.c4 Be7 7.N1a3 f5 8.Nc3 Nf6
9.Bd3 f4 10.Nc2 O-O 11.Nd5 Qe8 12.Qe2 Qg6 13.Nxe7+ Nxe7 14.f3 Nd7 15.Qf2 Qh5
16.Bd2 a5 17.Be2 Nc5 18.Na3 Nc6 19.O-O-O Nd4 20.Bc3 Nxe4 21.fxe4 Nxe2+ {#R}
0-1

[Event "It (open) (a)"]
[Site "masterchessopen.com Sukhumi (Georgia)"]
[Date "2009.08.05"]
[Round "3"]
[White "Sakov Anatolij J (RUS)"]
[Black "Klimentov Roman (RUS)"]
[Result "0-1"]
[WhiteElo "2073"]
[BlackElo "2246"]

1.e4 c5 2.Nf3 Nc6 3.d4 cxd4 4.Nxd4 e5 5.Nb5 d6 6.N1c3 a6 7.Na3 b5 8.Nd5 Nce7
9.c4 Nxd5 10.Qxd5 Be6 11.Qd2 Nf6 12.cxb5 Nxe4 13.Qc2 d5 14.Bd3 Bb4+ 15.Kf1 O-O
16.Be3 f5 17.Rd1 f4 18.Bc1 Rc8 19.Qb1 Nxf2 20.Kxf2 Qh4+ 21.Kf1 f3 {#R} 0-1

[Event "Tournament (open)"]
[Site "masterchessopen.com Assiut (Egypt)"]
[Date "2009.08.06"]
[Round "3"]
[White "Sedeik Moustafa (EGY)"]
[Black "Mousa Ahmed (EGY)"]
[Result "0-1"]
[WhiteElo "1849"]
[BlackElo "2231"]

1.e4 c5 2.Nf3 Nc6 3.d4 cxd4 4.Nxd4 e5 5.Nb5 d6 6.N1c3 a6 7.Na3 b5 8.Nd5 Nce7
9.c4 Nxd5 10.Qxd5 Be6 11.Qc6+ Bd7 12.Qd5 Nf6 13.Qd3 Rc8 14.cxb5 d5 15.exd5
Bb4+ 16.Bd2 {#R} 0-1

[Event "It (open)"]
[Site "masterchessopen.com Latschach (Austria)"]
[Date "2009.08.09"]
[Round "2"]
[White "Schreiner Peter (AUT)"]
[Black "Niederstatter Harald (ITA)"]
[Result "1-0"]
[WhiteElo "2188"]
[BlackElo "2078"]

1.e4 c5 2.Nf3 Nc6 3.d4 cxd4 4.Nxd4 e5 5.Nb5 d6 6.N1c3 a6 7.Na3 b5 8.Nd5 Nge7
9.c4 Nd4 10.Bd3 Nxd5 11.exd5 Bb7 12.O-O Be7 13.cxb5 O-O 14.Be3 Qb6 15.bxa6
Bxd5 16.Nb5 Bf6 17.Bxd4 exd4 18.Qh5 {#r} 1-0

[Event "It (cat.4)"]
[Site "masterchessopen.com Brasschaat (Belgium)"]
[Date "2009.08.19"]
[Round "5"]
[White "Leenaerts Robin (BEL)"]
[Black "Dardha Arben (ALB)"]
[Result "0-1"]
[WhiteElo "2248"]
[BlackElo "2291"]

1.e4 c5 2.Nf3 Nc6 3.d4 cxd4 4.Nxd4 e5 5.Nb5 d6 6.N1c3 a6 7.Na3 Nf6 8.Bg5 Be6
9.Nc4 Rc8 10.Nd5 Bxd5 11.exd5 Ne7 12.Ne3 Qa5+ 13.c3 Nexd5 14.Qb3 Nxe3 15.Qxb7
Rxc3 16.bxc3 Qxc3+ 17.Ke2 Qc2+ 18.Kxe3 Ng4+ 19.Kf3 Qxf2+ 20.Kxg4 h5+ 21.Kh3
Qf5+ 22.Kg3 h4+ {#R} 0-1

[Event "It (open)"]
[Site "masterchessopen.com Tenerife (Spain)"]
[Date "2009.12.28"]
[Round "8"]
[White "Tatai Stefano (ITA)"]
[Black "Kraus Oliver (GER)"]
[Result "0-1"]
[WhiteElo "2359"]
[BlackElo "2096"]

1.e4 c5 2.Nf3 Nc6 3.d4 cxd4 4.Nxd4 e5 5.Nb5 d6 6.c4 Be7 7.Be3 f5 8.exf5 Bxf5
9.N1c3 a6 10.Na3 Nf6 11.Be2 O-O 12.O-O Kh8 13.Rc1 Rc8 14.Qd2 b5 15.cxb5 axb5
16.Bxb5 d5 17.Nxd5 Nxd5 18.Bxc6 Nxe3 19.Qxe3 Bg5 {#R} 0-1

[Event "Tournament (open)"]
[Site "masterchessopen.com Hellersdorf (Germany)"]
[Date "2010.01.10"]
[Round "4"]
[White "Strehlow Horst (GER)"]
[Black "Campe Ulrich"]
[Result "1-0"]
[WhiteElo "2059"]
[BlackElo "1636"]

1.e4 c5 2.Nf3 Nc6 3.d4 cxd4 4.Nxd4 e5 5.Nb5 d6 6.c4 a6 7.N5c3 Nd4 8.Be3 Nc6
9.Nd5 Nd4 10.Bxd4 exd4 11.Qxd4 Be6 12.Nbc3 Ne7 13.Be2 Nc6 14.Qd2 Be7 15.O-O
O-O 16.Rad1 f5 17.Nxe7+ Qxe7 18.Qxd6 Qf7 19.exf5 Bxf5 20.Bf3 Bc2 21.Bd5 {#r}
1-0

[Event "Czech League 2009/10 (krajsky prebor)"]
[Site "masterchessopen.com Czech Republic"]
[Date "2010.01.24"]
[Round "7"]
[White "Langnerova Karolina (CZE)"]
[Black "Omamik Pavel"]
[Result "1-0"]
[WhiteElo "1877"]
[BlackElo "2091"]

1.e4 c5 2.Nf3 Nc6 3.d4 cxd4 4.Nxd4 e5 5.Nb5 d6 6.N1c3 a6 7.Na3 Be6 8.Nc4 Rc8
9.Be3 b5 10.Nb6 Rb8 11.Nbd5 Nf6 12.Nxf6+ gxf6 13.a4 bxa4 14.Bxa6 Be7 15.Bb5
Bd7 16.Rxa4 Rxb5 17.Nxb5 Qb8 18.Ra8 {#r} 1-0

[Event "Ch City (open)"]
[Site "masterchessopen.com Belgrade (Serbia)"]
[Round "9"]
[White "Zivkovic Sava (SRB)"]
[Black "Markovic Nikola (SRB)"]
[Result "1-0"]
[WhiteElo "2251"]
[BlackElo "2098"]

1.e4 c5 2.Nf3 Nc6 3.d4 cxd4 4.Nxd4 e5 5.Nb5 d6 6.c4 Be7 7.N1c3 a6 8.Na3 Be6
9.Nc2 Nf6 10.Bd3 O-O 11.O-O Nd7 12.b3 Nc5 13.Be2 Bg5 14.b4 Nd7 15.Bxg5 Qxg5
16.Qxd6 Nf6 17.Rfd1 Rac8 18.Qd2 Qxd2 19.Rxd2 Bxc4 20.Bxc4 Nd4 21.Nxd4 {#r} 1-0

[Event "Ch City (final)"]
[Site "masterchessopen.com Omsk (Russia)"]
[Date "2010.02.20"]
[Round "1"]
[White "Toder Alexander (RUS)"]
[Black "Vinichenko Vladimir (RUS)"]
[Result "0-1"]
[WhiteElo "2067"]
[BlackElo "2230"]

1.e4 c5 2.Nf3 Nc6 3.d4 cxd4 4.Nxd4 e5 5.Nb5 d6 6.N1c3 a6 7.Na3 Be6 8.Nc4 b5
9.Ne3 Nf6 10.a3 Be7 11.Bd3 O-O 12.O-O {#R} 0-1

[Event "It (open)"]
[Site "masterchessopen.com Barcelona (Spain)"]
[Date "2010.03.27"]
[Round "1.6"]
[White "Lorenzo De La Riva Lazaro (ESP)"]
[Black "Matamoros Sibira Joan (ESP)"]
[Result "1-0"]
[WhiteElo "2391"]
[BlackElo "1829"]

1.e4 c5 2.Ne2 Nc6 3.d4 cxd4 4.Nxd4 e5 5.Nb5 d6 6.N1c3 Nf6 7.Bg5 a6 8.Na3 b5
9.Bxf6 gxf6 10.Nd5 Bg7 11.Bd3 Be6 12.O-O Bxd5 13.exd5 Ne7 14.c4 b4 15.Nc2 a5
16.Qh5 Qc8 17.Ne3 Ng6 18.g3 Ne7 19.c5 dxc5 20.d6 Qd7 21.dxe7 Qxd3 22.Nf5 {#r}
1-0

[Event "Ch Hessen (juniors) (under 14)"]
[Site "masterchessopen.com Bad Homburg (Germany)"]
[Round "4"]
[White "Boeddeker Henry (GER)"]
[Black "Thomas Tobias"]
[Result "1-0"]
[WhiteElo "1563"]
[BlackElo "1164"]

1.e4 c5 2.Nf3 Nc6 3.d4 cxd4 4.Nxd4 e5 5.Nb5 d6 6.N1c3 a6 7.Na3 Be6 8.Nc4 b5
9.Ne3 Be7 10.Be2 Nf6 11.O-O b4 12.Ncd5 Nxe4 13.Bf3 f5 14.Re1 a5 15.Nxf5 Bxf5
16.Nxe7 Qxe7 17.Bxe4 Bxe4 18.Rxe4 O-O 19.Be3 Rac8 20.Qd5+ Kh8 21.Rd1 Rfd8
22.Bb6 Rd7 {#r} 1-0

[Event "Ch Hessen (juniors) (under 16)"]
[Site "masterchessopen.com Bad Homburg (Germany)"]
[Round "1"]
[White "Kumfert Marlon"]
[Black "Goebel Constantin (GER)"]
[Result "0-1"]
[WhiteElo "1511"]
[BlackElo "2114"]

1.e4 c5 2.Nf3 Nc6 3.d4 cxd4 4.Nxd4 e5 5.Nb5 d6 6.N1c3 a6 7.Na3 Be7 8.Nd5 Nf6
9.Nxe7 Nxe7 10.Bd3 d5 11.Qe2 h6 12.Bd2 dxe4 13.Bxe4 Qd4 14.Nc4 Be6 15.Nxe5
Nxe4 {#R} 0-1

[Event "Ch Hessen (juniors) (under 16)"]
[Site "masterchessopen.com Bad Homburg (Germany)"]
[Round "8"]
[White "Kumfert Marlon"]
[Black "Medvedovski Michael (GER)"]
[Result "0-1"]
[WhiteElo "1511"]
[BlackElo "1886"]

1.e4 c5 2.Nf3 Nc6 3.d4 cxd4 4.Nxd4 e5 5.Nb5 d6 6.N1c3 a6 7.Na3 b5 8.Nd5 Nge7
9.Be3 Nxd5 10.Qxd5 Qc7 11.Be2 Be6 12.Qd2 Be7 13.h4 O-O 14.g4 Rfd8 15.Bf3 b4
16.Nb1 Qa5 17.O-O d5 18.Qc1 Rac8 19.Rd1 Bxh4 20.Bg5 Bxg5 21.Qxg5 Nd4 {#R} 0-1

[Event "It (open)"]
[Site "masterchessopen.com Lille (France)"]
[Date "2010.04.03"]
[Round "1"]
[White "Manet Eric (FRA)"]
[Black "Riff Vincent (FRA)"]
[Result "0-1"]
[WhiteElo "1982"]
[BlackElo "2380"]

1.e4 c5 2.Nf3 Nc6 3.d4 cxd4 4.Nxd4 e5 5.Nb5 d6 6.c4 Be7 7.Be2 a6 8.N5a3 Bg5
9.Nc3 Bxc1 10.Rxc1 Nge7 11.O-O O-O 12.Nc2 Ng6 13.Ne3 Be6 14.b3 Rc8 15.Bg4 Nf4
16.Bxe6 fxe6 17.Ne2 Qg5 18.Ng3 h5 19.Ne2 Nh3+ {#R} 0-1

[Event "Ch City"]
[Site "masterchessopen.com Berlin (Germany)"]
[Date "2010.04.07"]
[Round "8"]
[White "Gebigke Martin (GER)"]
[Black "Kalinitschew Sergey (GER)"]
[Result "1-0"]
[WhiteElo "2212"]
[BlackElo "2436"]

1.e4 c5 2.Nf3 Nc6 3.d4 cxd4 4.Nxd4 e5 5.Nb5 d6 6.Be2 Be6 7.O-O a6 8.N5c3 Nf6
9.Be3 Rc8 10.f3 Be7 11.Nd5 Bxd5 12.exd5 Nd4 13.Bxd4 exd4 14.Qxd4 Rxc2 15.Qa4+
{#r} 1-0

[Event "It (open)"]
[Site "masterchessopen.com Elancourt (France)"]
[Date "2010.04.28"]
[Round "5"]
[White "Plantet Marc (FRA)"]
[Black "Fosse Jean Claude (FRA)"]
[Result "1-0"]
[WhiteElo "1959"]
[BlackElo "1364"]

1.e4 c5 2.Nf3 Nc6 3.d4 cxd4 4.Nxd4 e5 5.Nb5 d6 6.N1c3 a6 7.Na3 Be7 8.Bd3 Be6
9.O-O Nf6 10.f4 Bg4 11.Qe1 Qb6+ 12.Be3 Nd4 13.fxe5 dxe5 14.Qf2 O-O 15.Nc4 Qc7
16.Qg3 Bc5 17.Rxf6 Bh5 18.Nd5 Ne2+ 19.Bxe2 Bxe3+ 20.Ncxe3 {#r} 1-0

[Event "Ch Ukraine (team)"]
[Site "masterchessopen.com Alushta (Ukraine)"]
[Date "2010.05.13"]
[Round "1"]
[White "Jobava Baadur (GEO)"]
[Black "Kusnetsov Sergey (UKR)"]
[Result "1-0"]
[WhiteElo "2710"]
[BlackElo "2305"]

1.e4 c5 2.Nf3 Nc6 3.d4 cxd4 4.Nxd4 e5 5.Nb5 d6 6.N1c3 a6 7.Na3 b5 8.Nd5 Nce7
9.Bg5 h6 10.Bxb5+ axb5 11.Nxb5 Ra7 12.Nxa7 Qa5+ 13.Nc3 Qxa7 14.Be3 Qd7 15.Qd3
Nf6 16.O-O-O Nc6 17.Nb5 Bb7 18.a3 Be7 19.f3 O-O 20.Nxd6 Ra8 21.Nf5 Qe8 {#r}
1-0

[Event "Ch SibFO (open)"]
[Site "masterchessopen.com Irkutsk (Russia)"]
[Date "2010.05.21"]
[Round "8"]
[White "Goryachkin Alexander (RUS)"]
[Black "Tsydypov Zhamsaran (RUS)"]
[Result "0-1"]
[WhiteElo "2100"]
[BlackElo "2142"]

1.e4 c5 2.Nf3 Nc6 3.d4 cxd4 4.Nxd4 e5 5.Nb5 d6 6.c4 Be7 7.N1c3 a6 8.Na3 Nf6
9.Be2 O-O 10.O-O Be6 11.Be3 Rc8 12.f3 Nd4 13.Nd5 Bxd5 14.cxd5 Qb6 15.Nc4 Qa7
16.a4 Nd7 17.a5 Qc5 18.Qd2 Nxe2+ {#R} 0-1

[Event "Ch Germany (juniors) (Internet) (under 25) (qual1)"]
[Site "masterchessopen.com Internet"]
[Date "2010.06.02"]
[Round "4"]
[White "Arnold Max (GER)"]
[Black "Schmidt Martin (GER)"]
[Result "1-0"]
[WhiteElo "1950"]
[BlackElo "2045"]

1.e4 c5 2.Nf3 Nc6 3.d4 cxd4 4.Nxd4 e5 5.Nb5 d6 6.N1c3 a6 7.Na3 Nf6 8.Bg5 Be7
9.Nc4 b5 10.Ne3 b4 11.Bxf6 gxf6 12.Ncd5 h5 13.Bd3 a5 14.a3 bxa3 15.Rxa3 Nd4
16.c3 Ne6 17.Bb5+ Bd7 18.Bxd7+ Qxd7 19.Nb6 Qb7 20.Nxa8 Qxa8 21.Nd5 Nc5 22.Nc7+
{#r} 1-0

[Event "It (open)"]
[Site "masterchessopen.com Brno (Czech Republic)"]
[Date "2010.06.30"]
[Round "4"]
[White "Kratochvil Karel (CZE)"]
[Black "Blahynka Martin (CZE)"]
[Result "1-0"]
[WhiteElo "2153"]
[BlackElo "1951"]

1.e4 c5 2.Nf3 Nc6 3.d4 cxd4 4.Nxd4 e5 5.Nb5 d6 6.c4 Be7 7.N1c3 a6 8.Na3 Be6
9.Nc2 Bg5 10.Bxg5 Qxg5 11.Ne3 Rd8 12.Ncd5 Rd7 13.Qa4 Nf6 14.Bd3 O-O 15.Rc1
Bxd5 16.cxd5 Nd4 17.O-O Rfd8 18.Kh1 Nh5 19.g3 Qh6 20.Qxd7 {#r} 1-0

[Event "Memorial Karl Mala (open)"]
[Site "masterchessopen.com Frankfurt (Germany)"]
[Date "2010.07.08"]
[Round "1"]
[White "Moeller Jeremy (GER)"]
[Black "Sobolevsky Leonid (UKR)"]
[Result "0-1"]
[WhiteElo "1846"]
[BlackElo "2252"]

1.e4 c5 2.Nf3 Nc6 3.d4 cxd4 4.Nxd4 e5 5.Nb5 d6 6.c4 Nf6 7.N1c3 a6 8.Na3 h6
9.Nc2 Be6 10.Nd5 Nxe4 11.Qf3 Bxd5 12.cxd5 Qa5+ 13.Bd2 Qxd2# 0-1

[Event "Tournament (open)"]
[Site "masterchessopen.com Berdsk (Russia)"]
[Date "2010.07.12"]
[Round "5"]
[White "Vasilyev Igor (RUS)"]
[Black "Lev Nikolay (RUS)"]
[Result "0-1"]
[WhiteElo "1722"]
[BlackElo "1737"]

1.e4 c5 2.Nf3 Nc6 3.d4 cxd4 4.Nxd4 e5 5.Nb5 d6 6.c4 Be7 7.b3 a6 8.N5a3 Be6
9.Nc3 Bg5 10.Bxg5 Qxg5 11.Qxd6 Rd8 {#R} 0-1

[Event "Ch Poland (team) (juniors) (2 liga)"]
[Site "masterchessopen.com Chelm (Poland)"]
[Date "2010.07.14"]
[Round "11"]
[White "Mirek Lukasz (POL)"]
[Black "Swiech Przemyslaw (POL)"]
[Result "0-1"]
[WhiteElo "1643"]
[BlackElo "1448"]

1.e4 c5 2.Nf3 Nc6 3.d4 cxd4 4.Nxd4 e5 5.Nb5 d6 6.c4 Be7 7.Be3 Nf6 8.f3 O-O
9.Be2 Nh5 10.O-O f5 11.Qd5+ Kh8 12.Rd1 Rf6 13.Bg5 Rg6 14.Bxe7 Qxe7 15.Qd2 Nf4
16.Bf1 fxe4 17.fxe4 Nxg2 18.Nxd6 Ne3+ 19.Kh1 Nxd1 20.Nxc8 Qc5 {#R} 0-1

[Event "Memorial Karl Mala (open)"]
[Site "masterchessopen.com Frankfurt (Germany)"]
[Date "2010.07.17"]
[Round "3"]
[White "Kolker Vladislav (GER)"]
[Black "Ruell Michael (GER)"]
[Result "1-0"]
[WhiteElo "2104"]
[BlackElo "1786"]

1.e4 c5 2.Nf3 Nc6 3.d4 cxd4 4.Nxd4 e5 5.Nb5 d6 6.N1c3 a6 7.Na3 b5 8.Nd5 Nf6
9.Bg5 Be7 10.Bxf6 Bxf6 11.c4 bxc4 12.Nxc4 Nd4 13.Qa4+ Qd7 14.Nc7+ Ke7 15.Qxd7+
Bxd7 16.Nxa8 Nc2+ 17.Kd2 Nxa1 18.Nab6 Bg5+ 19.Kc3 f5 20.Bd3 fxe4 21.Bxe4 Rf8
22.f3 {#r} 1-0

[Event "It (open)"]
[Site "masterchessopen.com Dortmund (Germany)"]
[Date "2010.07.20"]
[Round "4"]
[White "Barskij Aleksandr (GER)"]
[Black "Lienau Henrik (GER)"]
[Result "1-0"]
[WhiteElo "2009"]
[BlackElo "1756"]

1.e4 c5 2.Nf3 Nc6 3.d4 cxd4 4.Nxd4 e5 5.Nb5 d6 6.c4 Be6 7.N1c3 a6 8.Na3 Nf6
9.Bd3 Be7 10.O-O O-O 11.Nc2 Nd7 12.Nd5 Nc5 13.Nce3 Bg5 14.Nf5 Bxc1 15.Rxc1
Nxd3 16.Qxd3 Bxf5 17.exf5 Nd4 18.Rfd1 Qg5 19.Qe4 Nxf5 20.Qxf5 {#r} 1-0

[Event "It (open) \"]
[Site "masterchessopen.com Copenhagen (Denmark)"]
[Round "1"]
[White "Christensen Casper (DEN)"]
[Black "Peschlow Patrick (GER)"]
[Result "0-1"]
[WhiteElo "1897"]
[BlackElo "2308"]

1.e4 c5 2.Nf3 Nc6 3.d4 cxd4 4.Nxd4 e5 5.Nb5 d6 6.N1c3 a6 7.Na3 Be7 8.Be3 Nf6
9.Nc4 b5 10.Nb6 Rb8 11.Nxc8 Qxc8 12.f3 O-O 13.a3 Na5 14.Qd3 Nc4 15.Bc1 Nd7
16.a4 Nc5 17.Qe2 Ne6 18.axb5 axb5 19.Nxb5 Rxb5 20.Qxc4 Rc5 21.Qb3 Nd4 {#R} 0-1

[Event "Ch France (open) (a)"]
[Site "masterchessopen.com Belfort (France)"]
[Date "2010.08.21"]
[Round "11"]
[White "Leroy Olivier (FRA)"]
[Black "Ollier Milan (FRA)"]
[Result "0-1"]
[WhiteElo "2115"]
[BlackElo "2143"]

1.e4 c5 2.Nf3 Nc6 3.d4 cxd4 4.Nxd4 e5 5.Nb5 d6 6.c4 Be7 7.N1c3 a6 8.Na3 Be6
9.Bd3 Bg5 10.O-O h6 11.Nc2 Nf6 12.Bxg5 hxg5 13.Be2 Rh4 14.Qd3 Qd7 15.g3 Rh6
16.Qe3 O-O-O 17.Nd5 Bxd5 18.cxd5 Qh3 19.Bg4+ Nxg4 20.Rfc1 Qxh2+ 21.Kf1 Nxe3+
22.Nxe3 Rf6 {#R} 0-1

[Event "Tournament (open)"]
[Site "masterchessopen.com Roosendaal (Netherlands)"]
[Date "2010.08.28"]
[Round "2"]
[White "Van Weersel Arlette (NED)"]
[Black "Dardha Arben (ALB)"]
[Result "0-1"]
[WhiteElo "2174"]
[BlackElo "2305"]

1.e4 c5 2.Nf3 Nc6 3.d4 cxd4 4.Nxd4 e5 5.Nb5 d6 6.c4 Be6 7.N1c3 a6 8.Na3 Rc8
9.Be3 Nf6 10.f3 Be7 11.Be2 O-O 12.O-O Nh5 13.Qd2 h6 14.Rfd1 Bg5 15.Bxg5 hxg5
16.Nc2 Qb6+ 17.Kh1 g6 18.Bf1 Kg7 19.Na4 Ng3+ {#R} 0-1

[Event "It (open)"]
[Site "masterchessopen.com Sunningdale (England)"]
[Date "2010.09.11"]
[Round "2"]
[White "Sagues Vincent (FRA)"]
[Black "Pert Nicholas (ENG)"]
[Result "0-1"]
[WhiteElo "1965"]
[BlackElo "2561"]

1.e4 c5 2.Nf3 Nc6 3.d4 cxd4 4.Nxd4 e5 5.Nb5 d6 6.c4 Be7 7.N1c3 a6 8.Na3 Nf6
9.Nc2 Be6 10.Be2 Rc8 11.b3 O-O 12.O-O b5 13.cxb5 axb5 14.f3 Na7 15.Bb2 b4
16.Nb1 d5 17.exd5 Nxd5 18.Nd2 Nf4 19.Nc4 Qxd1 20.Bxd1 Nd3 21.Bxe5 Bxc4 22.bxc4
Nxe5 {#R} 0-1